Bài tập và bài giải kế toán hợp nhất kinh doanh & hợp nhất báo cáo tài chính

Cuốn sách cung cấp một số những nội dung có tính tác nghiệp và thực hành chuẩn mực kế toán về hợp nhất kinh doanh, chuẩn mực báo cáo tài chính hợp nhất, kế toán các khoản đầu từ vào công ty con và một số chuẩn mực kế toán chứa đ...

Full beskrivning

Sparad:
Bibliografiska uppgifter
Huvudupphovsman: Nguyễn, Phú Giang
Materialtyp: Bok
Språk:Undetermined
Publicerad: Hà Nội Tài chính 2006
Ämnen:
Taggar: Lägg till en tagg
Inga taggar, Lägg till första taggen!
Thư viện lưu trữ: Trung tâm Học liệu Trường Đại học Cần Thơ
LEADER 01144nam a2200205Ia 4500
001 CTU_118944
008 210402s9999 xx 000 0 und d
020 |c 78000 
082 |a 657.8333 
082 |b Gi106 
100 |a Nguyễn, Phú Giang 
245 0 |a Bài tập và bài giải kế toán hợp nhất kinh doanh & hợp nhất báo cáo tài chính 
245 0 |c Nguyễn Phú Giang 
260 |a Hà Nội 
260 |b Tài chính 
260 |c 2006 
520 |a Cuốn sách cung cấp một số những nội dung có tính tác nghiệp và thực hành chuẩn mực kế toán về hợp nhất kinh doanh, chuẩn mực báo cáo tài chính hợp nhất, kế toán các khoản đầu từ vào công ty con và một số chuẩn mực kế toán chứa đựng những nội dung hoàn toàn mới mẻ so với những qui định trong Quyết định 1141 của Bộ Tài chính. 
650 |a Financial accounting 
904 |i Minh 
980 |a Trung tâm Học liệu Trường Đại học Cần Thơ